Epistolario espiritual
Salvato in:
| Autore principale: | |
|---|---|
| Natura: | Libro |
| Lingua: | Undetermined |
| Pubblicazione: |
Madrid, España
Espasa-Calpe
1962
|
| Soggetti: | |
| Tags: |
Aggiungi Tag
Nessun Tag, puoi essere il primo ad aggiungerne!!
|
MARC
| LEADER | 00000nam a2200000Ia 4500 | ||
|---|---|---|---|
| 008 | 170316s9999 xx 000 0 und d | ||
| 040 | |a cru BVZT | ||
| 090 | |a 862 A-47e | ||
| 100 | |a Avila, B. Juan de | ||
| 245 | |a Epistolario espiritual |c Vicente García de Diego, edición y notas | ||
| 260 | |a Madrid, España | ||
| 260 | |b Espasa-Calpe | ||
| 260 | |c 1962 | ||
| 300 | |a 255 páginas | ||
| 650 | |a LITERATURA ESPAÑOLA | ||
| 999 | |c 9455 |d 9455 | ||
| 942 | |c 15 D |h 862 A-47e |2 z | ||
